[Event "Condino op"]
[Site "Condino"]
[Date "2010.07.27"]
[Round "4"]
[White "Donneschi, Augusto"]
[Black "Mombelli, Antonio"]
[Result "1/2-1/2"]
[WhiteElo "1440"]
[BlackElo "1839"]
[PlyCount "82"]
[EventDate "2010.07.26"]
[EventType "swiss"]
[EventRounds "7"]
[EventCountry "ITA"]
[SourceTitle "CBM 137 Extra"]
[Source "ChessBase"]
[SourceDate "2010.09.01"]
[SourceVersion "1"]
[SourceVersionDate "2010.09.01"]
[SourceQuality "1"]

1. e4 Nf6 2. e5 Nd5 3. Nf3 d6 4. d4 Bg4 5. Nbd2 e6 6. h3 Bh5 7. c3 Nd7 8. Nc4 dxe5 9. g4 Bg6 10. Ncxe5 Be7 11. Nxg6 hxg6 12. Bd2 c6 13. Qe2 N7f6 14. Bg2 Qc7 15. 0-0-0 Nf4 16. Bxf4 Qxf4+ 17. Kb1 Qe4+ 18. Qxe4 Nxe4 19. Rhf1 Nf6 20. Ne5 Nd5 21. Nd3 0-0-0 22. c4 Nb6 23. Ne5 Rhf8 24. b3 Bf6 25. f4 Kc7 26. Rf2 a5 27. a4 Nd7 28. Rfd2 Be7 29. d5 Nxe5 30. fxe5 Bg5 31. Rd3 exd5 32. cxd5 cxd5 33. Rxd5 Rxd5 34. Rxd5 Rd8 35. e6 Rxd5 36. Bxd5 fxe6 37. Bxe6 Bf6 38. Bd5 b6 39. Be4 g5 40. Kc2 Kd6 41. Kd3 Kc5 1/2-1/2

[Event "Condino op"]
[Site "Condino"]
[Date "2010.07.26"]
[Round "1"]
[White "Donneschi, Augusto"]
[Black "Poletti, Fausto"]
[Result "0-1"]
[WhiteElo "1440"]
[BlackElo "1901"]
[PlyCount "52"]
[EventDate "2010.07.26"]
[EventType "swiss"]
[EventRounds "7"]
[EventCountry "ITA"]
[SourceTitle "CBM 137 Extra"]
[Source "ChessBase"]
[SourceDate "2010.09.01"]
[SourceVersion "1"]
[SourceVersionDate "2010.09.01"]
[SourceQuality "1"]

1. e4 c5 2. Nf3 Nc6 3. d4 cxd4 4. Nxd4 Nf6 5. Nc3 e5 6. Nf3 Bb4 7. Bd3 d5 8. 0-0 Bxc3 9. bxc3 dxe4 10. Bxe4 Nxe4 11. Qxd8+ Nxd8 12. Re1 f5 13. Ba3 Nc6 14. c4 Kf7 15. Bb2 Re8 16. g4 fxg4 17. Nxe5+ Nxe5 18. Rxe4 Nf3+ 19. Kg2 Rxe4 20. h3 Rxc4 21. c3 Nh4+ 22. Kg3 gxh3 23. Rd1 Rg4+ 24. Kh2 Rg2+ 25. Kh1 Nf3 26. c4 Rh2# 0-1